Quizzes
Events
Quiz Creation
Community
Videos
Private Events
Remove Ads
Sign In
Join for FREE
Feedback
Dark Mode
Quiz Categories
Sports
Geography
Music
Movies
Television
Just For Fun
Miscellaneous
History
Literature
Language
Science
Gaming
Entertainment
Religion
Holiday
For Kids
Quiz Lab
Recent
Popular Today
Quiz Kudos Today
Editor Picks
Curator Picks
Quizzes by...
Day
Popularity
Type
Ratings
Length
Year
Community
Subscriptions
Recent Discussions
Orange Saloon
Badges
Playlists
Quests
Create
Leaderboards
Showdown
Live 5
Trivia Bingo
Activity
Puzzle Library
Sporcle Events
Private Events
Virtual Trivia
Globe League
Become a Host
Pub Owners
SporcleCon
Opinionation
Our Games
Videos
Blog
Mobile Apps
Partnerships
Remove Ads and Go Orange
Feedback
Music
Pop Music
The Beatles
Song
Album
Lyrics
Bands
Singers
Artist
Clip
Rock
Rap
Classical
Billboard
Country Music
Kpop
Taylor Swift
Music
Pop Music
The Beatles
Song
Album
Lyrics
Bands
Singers
Artist
Clip
Rock
Rap
Classical
Billboard
Country Music
Kpop
Taylor Swift
Random Quiz
Search Sporcle
×
Quiz Lab
Quiz Lab
Music
date
Type in answers that appear in a list
Type in answers that appear in a list
Classic
Best Score? Go Orange.
Musicians of February Stats
Can you name the Musicians of February?
By
ackermanmusic
5m
29 Questions
21 Plays
21 Plays
21 Plays
Comments
Comments
Give Quiz Kudos
Give Quiz Kudos
-
- Ratings
hide this ad
More Info
Replay
Link that replays current quiz
Next Quiz
Link to next quiz in quiz playlist
You Got
0%
They Got
Avg Score
52%
Avg Friend Score
Upgrade to see
Score Distribution
Jump to the score distribution portion of the page
Score
0/29
Timer
05:00
0
Plays Today
Date
Answer
% Correct
February 1 (1994 -
)
Harry Styles
95.2%
February 2 (1963-
1996)
Eva Cassidy
90.5%
February 8 (1932 -
)
John Williams
90.5%
February 13 (1974 -
)
Robbie Williams
85.7%
February 7 (1962 -
)
Garth Brooks
81%
February 18 (1933 -
)
Yoko Ono
76.2%
February 22 (1974 -
)
James Blunt
76.2%
February 3 (1809 -
1847)
Felix Mendelssohn
71.4%
February 4 (1948 -
)
Alice Cooper
71.4%
February 6 (1945 -
1981)
Bob Marley
71.4%
February 9 (1942 -
)
Carole King
71.4%
February 20 (1988 -
)
Rihanna
71.4%
February 17 (1991 -
)
Ed Sheeran
66.7%
February 5 (1969 -
)
Bobby Brown
61.9%
February 16 (1935 -
1998)
Sonny Bono
61.9%
Date
Answer
% Correct
February 26 (1932 -
2003)
Johnny Cash
61.9%
February 23 (1685 -
1759)
George Frederick Handel
57.1%
February 10 (1929 -
2004)
Jerry Goldsmith
42.9%
February 25 (1943 -
2001)
George Harrison
42.9%
February 15 (1947 -
)
John Adams
33.3%
February 19 (1963 -
)
Seal
33.3%
February 21 (1986 -
)
Charlotte Church
33.3%
February 27 (1848 -
1918)
Hubert Parry
28.6%
February 11 (1962 -
)
Sheryl Crow
19%
February 14 (1959 -
)
Renee Fleming
14.3%
February 12 (1914 -
2000)
Tex Beneke
9.5%
February 29 (1792 -
1868)
Gioachino Rossini
9.5%
February 24 (1932 -
)
Michel Legrand
4.8%
February 28 (1882 -
1967)
Geraldine Farrar
0%
Quiz Playlist
Details
Report
Send in Message
Add To Playlist
More Info:
Can you name musicians born in February?
Classic:
Type in answers that appear in a list
Last Updated: Jan 31, 2018
Quiz Scoreboard
CHALLENGE
Sign Up to Join the Scoreboard
Show All
Scores
Hide
Comments
May contain spoilers
Recently Published
College Basketball Coaching Resumes
by pancakes188
Sports
9m
Billboard Blitz: Fleetwood Mac
by CooCooCachoo
Music
15s
Presidents Visiting Landmarks
by Hejman
History
7m
More to Explore
Quiz From the Vault
Featured Blog Post
Where Did the Easter Bunny Come From?
hide this ad
You Might Also Like...
Tags
date
February
Musician
Today's Top Quizzes in Music
Browse Music
hide this ad
Today's Top Quizzes in date
Browse date
Top Contributed Quizzes in Music
1
Taylor Swift All Songs (2024)
2
Guess the Artist- 70s Songs
3
7-to-1: Billboard Hot 100 #1 Hits of 2010s
4
Sorting Albums and Songs
5
Taylor Swift Logic Puzzle
6
KPOP LOGIC QUIZ
7
One Thing in Common: Music
8
Guess the Taylor Swift song (Mystery Song)
9
2010s Album by Cover III
10
Guess The Taylor Swift Lyrics Song #1
Explore More
Trending Topics
NBA
Anime
Kpop
Crossword
Disney
Marvel
Harry Potter
WWE
Puzzle
Soccer
Country
The Office
Pokémon
Song
NFL
hide this ad
More By:
ackermanmusic
Quiz
Plays
Rating
Category
Featured
Created
Rhyming Musicians
133
2.00
Music
Mar 4, 2020
Glastonbury Headliners 2007-2017
94
5.00
Music
May 31, 2018
Musicians of July
39
Music
Jun 29, 2018
Musicians of February
21
Music
Jan 29, 2018
Award Winning Music of 2018
15
Music
Jan 5, 2019
Go to Creator's Profile
Score Distribution
Quiz Creator Spotlight
ackermanmusic
Follow
Send a Message
Quizzes Created
-
Created Quiz Play Count
-
More By This Creator
Popular Quizzes Today
1
Find the US States - No Outlines Minefield
2
Find the Countries of Europe - No Outlines Minefield
3
The Countries of the World
4
Find the US States
5
Risky Map Clicking: Biggest States A-Z
6
US States
7
Popular People in 1961
8
Movies - When Are They Set?
More Music Quizzes
Ariana Grande - thank u, next (opening lyrics)
Quiz Lab
Trending Quizzes
Risky Map Clicking: Least Populous States A-Z
1-10 Letter G Words
1-10 Letter F Words
Risky Map Clicking: Next State Alphabetically
Click the Washington State Counties! (Map)
Recently Updated
Leaping Animals
pecheneg
Reality TV Shows (A-Z)
bhenderson79
Rickey Henderson's Hall of Fame Teammates
pecheneg
Champions League XIs: Arsenal
pecheneg
Quick Pick: Celebrities in WWE's Hall of Fame
aduchscher
A-Z Keypad Blitz II
pecheneg
Multiple Oscar Actors
pecheneg
Mystery Phrase Blitz: Oscar 'Best Actors'
pecheneg
F. Scott Fitzgerald Novels
LTH
Pick 3 Villains
ddd62291
Trending Topics
Marvel
Crossword
Harry Potter
NBA
Anime
Kpop
Disney
Puzzle
The Office
Country
Soccer
Pokémon
NFL
Song
WWE
Your Account Isn't Verified!
In order to create a playlist on Sporcle, you need to verify the email address you used during registration. Go to your
Sporcle Settings
to finish the process.
Report this User
Report this user for behavior that violates our
Community Guidelines
.
Details:
Send Report
Go to the Sporcle.com Mobile Site →
Comments